书目信息 |
| 题名: |
中国儿童政策概论
|
|
| 作者: | 胡伟 , 陆士桢 , 魏兆鹏 | |
| 分册: | ||
| 出版信息: | 北京 社会科学文献出版社 38646 |
|
| 页数: | 311页 | |
| 开本: | 20cm | |
| 丛书名: | ||
| 单 册: | ||
| 中图分类: | D432.5 | |
| 科图分类: | ||
| 主题词: | 学生组织 , 学生运动 , 青年运动 , 青年组织 | |
| 电子资源: | ||
| ISBN: | 7-80190-782-5 | |
| 000 | 00694nam0 2200241 450 | |
| 001 | 0728815141 | |
| 005 | 20070819080015.14 | |
| 010 | @a7-80190-782-5@d¥33.00 | |
| 100 | @a20070819d km y0chiy0120 ea | |
| 101 | 0 | @achi |
| 200 | 1 | @a中国儿童政策概论@Azhong guo er tong zheng ce gai lun@f陆士桢,魏兆鹏,胡伟@Flu shi zhen,wei zhao peng,hu wei |
| 210 | @a北京@c社会科学文献出版社@d38646 | |
| 215 | @a311页@d20cm | |
| 606 | 0 | @a学生组织 |
| 606 | 0 | @a学生运动 |
| 606 | 0 | @a青年运动 |
| 606 | 0 | @a青年组织 |
| 690 | @aD432.5@v3 | |
| 701 | 0 | @a胡伟@Ahu wei |
| 701 | 0 | @a陆士桢@Alu shi zhen |
| 701 | 0 | @a魏兆鹏@Awei zhao peng |
| 801 | 0 | @aCN@bPFT@c20070819 |
| 905 | @a213230@dD432.5@eZW120@f1 | |
| 中国儿童政策概论/陆士桢,魏兆鹏,胡伟.-北京:社会科学文献出版社,38646 |
| 311页;20cm |
| ISBN 7-80190-782-5:¥33.00 |
| ● |
| 相关链接 |
|
|
|
|
正题名:中国儿童政策概论
索取号:D432.5/ZW120
 
预约/预借
| 序号 | 登录号 | 条形码 | 馆藏地/架位号 | 状态 | 备注 |
| 1 | 7601490 | 276014901 | 中文系资料室/ [索取号:D432.5/ZW120] | 在馆 |